000 00876nac a22002657a 4500
001 BR8302264
003 BR-BrBNA
005 20240105115715.0
008 230509b bl.|||m| |||| 00| 0 por d
040 _aBR-BrBNA
_bpor
_cBiblioteca Nacional de Agricultura
072 _aH10
090 _a1410 BR8302264
100 1 _aMilanez, J.M.
110 1 _aEmpresa Catarinense de Pesquisa Agropecuaria S.A., Florianopolis, SC (Brasil)
245 1 _aDano provocado por Lagria villosa em feijao [bicho capixaba]
260 3 _aFlorianopolis, SC (Brasil):
_c1983.
300 _a4 p.
490 _aPesquisa em Andamento - Empresa Catarinense de Pesquisa Agropecuaria S.A. (Brazil)
_vno. 15
_xISSN 0101-7861
500 _a6 ref.
650 _aBICHO CAPIXABA
650 _aINSETO
650 _aFEIJAO
909 _a202312
_bLúcia Elande
_c55
_dLúcia Elande
942 _2AGRIS
_n0
_cMS
999 _c276004
_d276004